[Event "DADIJ"]
[Site "SchemingMind.com"]
[Date "2018.06.06"]
[Round "-"]
[White "malcolm chugg"]
[Black "kenneth m day"]
[Result "0-1"]
[WhiteCountry "WLS"]
[BlackCountry "USA"]
[WhiteElo "1294"]
[WhiteRD "59"]
[BlackElo "1726"]
[BlackRD "61"]
[GameID "428869"]

1. e4 e5 2. Bb5 Nc6 3. Bxc6 dxc6 4. Nf3 Bd6 5. d3 Nf6 6. Bg5 O-O 7. Qe2 h6 8. Bd2 Be6 9. Nc3 b5 10. O-O Qd7
11. h3 Ne8 12. b3 f5 13. Nd1 Rf6 14. a4 fxe4 15. dxe4 Bxh3 16. Ne3 Rg6 17. Bc3 Nf6 18. Nd1 Bxg2 19. Kh2 Qh3+
0-1

[Event "DADIJ"]
[Site "SchemingMind.com"]
[Date "2018.06.01"]
[Round "-"]
[White "kenneth m day"]
[Black "malcolm chugg"]
[Result "1-0"]
[WhiteCountry "USA"]
[BlackCountry "WLS"]
[WhiteElo "1726"]
[WhiteRD "61"]
[BlackElo "1294"]
[BlackRD "59"]
[GameID "428870"]

1. e4 Nc6 2. d4 a6 3. Nf3 b5 4. Be3 Bb7 5. Be2 e6 6. Nc3 Bb4 7. O-O Nge7 8. d5 exd5 9. exd5 Bxc3 10. dxc6 Bxc6
11. bxc3 Nf5 12. Bf4 d6 13. Bd3 Bxf3 14. Qxf3 Nh4 15. Rfe1+ Kf8 16. Qg4 Ng6 17. Bg5 Qc8 18. Qf3 Ne5 19. Qd5 Nxd3 20. cxd3 Rb8
21. Re3 f6 22. Bh4 Rb6 23. Rae1 c6 24. Qxd6+ Kf7 25. Re7+ Kg6 26. Qg3+ Kf5 27. R1e3
1-0

[Event "DADIJ"]
[Site "SchemingMind.com"]
[Date "2018.06.06"]
[Round "-"]
[White "malcolm chugg"]
[Black "ray winteringham"]
[Result "0-1"]
[WhiteCountry "WLS"]
[BlackCountry "ENG"]
[WhiteElo "1294"]
[WhiteRD "59"]
[BlackElo "1570"]
[BlackRD "54"]
[GameID "428871"]

1. f4 g5 2. d4 Bg7 3. e3 d5 4. Nf3 Bg4 5. h3 Bh5 6. g4 Bg6 7. h4 Be4 8. Nc3 gxh4 9. Nxe4 dxe4 10. Nh2 Nd7
11. Bc4 e6 12. Bd2 Ngf6 13. Qe2 Nd5 14. Nf1 Qe7 15. g5 a6 16. a3 N7b6 17. Bb3 O-O-O 18. Ba5 h6 19. c4 hxg5 20. cxd5 gxf4
21. exf4 exd5 22. Bxb6 cxb6 23. Qg4+ f5 24. Qg5 Qxg5 25. fxg5 Bxd4 26. Rb1 Kc7 27. Nd2 Kd6 28. Ba2 b5 29. Nb3 Bb6 30. Rd1 Ke5
31. Nc1 d4 32. Bb3 Kf4 33. g6 Rd7 34. Ke2 d3+ 35. Kf1 Rg7 36. Bd5 Rh6 37. Rd2 Be3 38. Rd1 Rhxg6 39. Rxh4+ Ke5 40. Rh1 Kxd5
41. b4 Rg1+ 42. Rxg1 Rxg1#
0-1

[Event "DADIJ"]
[Site "SchemingMind.com"]
[Date "2018.06.01"]
[Round "-"]
[White "ray winteringham"]
[Black "malcolm chugg"]
[Result "1-0"]
[WhiteCountry "ENG"]
[BlackCountry "WLS"]
[WhiteElo "1570"]
[WhiteRD "54"]
[BlackElo "1294"]
[BlackRD "59"]
[GameID "428872"]

1. e4 e5 2. Nf3 d6 3. d4 Bg4 4. Be2 Bxf3 5. Bxf3 Nc6 6. d5 Nd4 7. c3 Nxf3+ 8. Qxf3 Qf6 9. Nd2 O-O-O 10. Qe3 Kb8
11. b3 Nh6 12. f3 Qg6 13. O-O f5 14. c4 f4 15. Qf2 Be7 16. Kh1 Bg5 17. b4 Rc8 18. Rg1 c5 19. b5 b6 20. a4 Be7
21. Nb3 Rhf8 22. a5 Bd8 23. Qa2 Qf7 24. axb6 Bxb6 25. Na5 Kc7 26. Nc6 Ra8 27. Bd2 Kc8 28. Ba5 Qb7 29. Bxb6 Rf7 30. Nxa7+ Kd7
31. Qa6 Qxa6 32. Rxa6 Ke8 33. Nc6 Rc8 34. Rga1 Rb7 35. Ra8 Rxa8 36. Rxa8+ Kd7 37. Ra7 Rxa7 38. Nxa7 Nf7 39. Nc6 g5 40. Ba7 Kc7
41. b6+ Kb7 42. Ne7 h5 43. Nf5 h4 44. g3 hxg3 45. hxg3 Ka6 46. g4 Kb7 47. Kg1 Kc8 48. Kf2 Kb7 49. Ke2 Ka6 50. Kd2 Kb7
51. Kc3 Kc8 52. Kb3 Kb7 53. Ka4 Ka6 54. Ng7 Nd8 55. Ne8 Nb7 56. Nc7#
1-0

[Event "DADIJ"]
[Site "SchemingMind.com"]
[Date "2018.06.06"]
[Round "-"]
[White "malcolm chugg"]
[Black "JAHI"]
[Result "0-1"]
[WhiteCountry "WLS"]
[BlackCountry "INT"]
[WhiteElo "1294"]
[WhiteRD "59"]
[BlackElo "2127"]
[BlackRD "70"]
[GameID "428873"]

1. Nf3 e6 2. d4 b6 3. e3 Bb7 4. Bb5 Bxf3 5. Qxf3 c6 6. Bd3 Qf6 7. Nd2 Qxf3 8. Nxf3 c5 9. O-O Nc6 10. a3 Bd6
11. dxc5 bxc5 12. Bb5 Nf6 13. Bxc6 dxc6 14. Rd1 Bc7 15. b3 Ne4 16. Bb2 f6 17. Rd3 Ke7 18. Rad1 Rhd8 19. Ne1 Nd6 20. f3 c4
21. R3d2 c5 22. g4 Ba5 23. Rg2 Rab8 24. b4 cxb4 25. axb4 Bxb4 26. c3 Bc5 27. Nc2 Rxb2 28. Ra1 Rb3 29. Nd4 Bxd4 30. exd4 Nb5
31. Ra4 Rxc3 32. Rb4 Nxd4 33. Kf2 Rxf3+ 34. Kg1 Rb3 35. Rxc4 Nf3+ 36. Kf2 Rd2+
0-1

[Event "DADIJ"]
[Site "SchemingMind.com"]
[Date "2018.06.01"]
[Round "-"]
[White "JAHI"]
[Black "malcolm chugg"]
[Result "1-0"]
[WhiteCountry "INT"]
[BlackCountry "WLS"]
[WhiteElo "2127"]
[WhiteRD "70"]
[BlackElo "1294"]
[BlackRD "59"]
[GameID "428874"]

1. g3 Nf6 2. Bg2 d5 3. d3 e6 4. Bg5 e5 5. Bxf6 gxf6 6. Nd2 Qe7 7. Bxd5 c6 8. Bc4 b5 9. Bb3 a5 10. c3 a4
11. Bc2 Bh6 12. e3 Be6 13. Ngf3 Bg4 14. d4 exd4 15. cxd4 Qb4 16. h3 Bd7 17. Qb1 Be6 18. Bf5 Nd7 19. Qe4 Qd6 20. Rc1 Ra6
21. a3 Nb8 22. Bxe6 Qxe6 23. Nh4 Qxe4 24. Nxe4 Nd7 25. Nd6+ Kd8 26. Nxf7+ Ke8 27. Nxh6 Nf8 28. N4f5 Kd7 29. Nf7 Rg8 30. Ke2 Rb6
31. N7h6 Rg6 32. d5 Ra6 33. dxc6+ Kc7 34. Nf7 Rxc6 35. Ne7 Rxc1 36. Rxc1+ Kd7 37. Nxg6 hxg6 38. Rd1+ Ke7 39. Nd6 f5 40. Nxb5 Nh7
41. Rd4
1-0

[Event "DADIJ"]
[Site "SchemingMind.com"]
[Date "2018.06.06"]
[Round "-"]
[White "malcolm chugg"]
[Black "davidcook"]
[Result "0-1"]
[WhiteCountry "WLS"]
[BlackCountry "ENG"]
[WhiteElo "1294"]
[WhiteRD "59"]
[BlackElo "2057"]
[BlackRD "59"]
[GameID "428875"]

1. d4 d5 2. e4 dxe4 3. Nc3 Nf6 4. Bg5 c6 5. Bxf6 exf6 6. Nxe4 Qb6 7. Qb1 f5 8. Nc3 Qxd4 9. Bd3 Bc5 10. Nd1 O-O
11. Ne2 Qf6 12. O-O Nd7 13. Kh1 Ne5 14. Ndc3 Ng4 15. Nd1 f4 16. b4 f3 17. Nc1 Qh4 18. g3 Qxh2#
0-1

[Event "DADIJ"]
[Site "SchemingMind.com"]
[Date "2018.06.06"]
[Round "-"]
[White "malcolm chugg"]
[Black "splinter"]
[Result "0-1"]
[WhiteCountry "WLS"]
[BlackCountry "CAN"]
[WhiteElo "1255"]
[WhiteRD "55"]
[BlackElo "1784"]
[BlackRD "81"]
[GameID "428877"]

1. e4 c5 2. g3 g6 3. Bg2 Bg7 4. Bf3 d6 5. d3 Nc6 6. c3 Nf6 7. Qe2 O-O 8. Be3 Ne5 9. Bg2 a6 10. d4 cxd4
11. Bxd4 Nc6 12. Bxf6 Bxf6 13. Nf3 b5 14. O-O Bb7 15. Rd1 Qc7 16. Nbd2 Rad8 17. Ne1 Bg7 18. Ndf3 e6 19. Nd3 Ne7 20. Rac1 d5
21. e5 Nc6 22. Kh1 Rde8 23. h4 f6 24. exf6 Bxf6 25. Nc5 Bc8 26. Rd2 Ne5 27. b4 Nxf3 28. Bxf3 Qc6 29. Rcc2 Rf7 30. Kg2 h5
31. Kh2 Ref8 32. Rd3 Be7 33. Nb3 Qc7 34. Nd4 e5 35. Bxd5 exd4 36. Bxf7+ Rxf7 37. Rxd4 Bg4 38. Qd2 Bxh4 39. Rd8+ Kh7 40. Qd6 Bxd8
41. Qxc7 Rxc7 42. f4 Bf6
0-1

[Event "DADIJ"]
[Site "SchemingMind.com"]
[Date "2018.06.01"]
[Round "-"]
[White "splinter"]
[Black "malcolm chugg"]
[Result "1-0"]
[WhiteCountry "CAN"]
[BlackCountry "WLS"]
[WhiteElo "1738"]
[WhiteRD "89"]
[BlackElo "1294"]
[BlackRD "59"]
[GameID "428878"]

1. c4 c5 2. Nf3 b6 3. Nc3 Bb7 4. g3 g5 5. e4 e6 6. d4 d6 7. Bxg5 f6 8. Be3 Ne7 9. Nh4 f5 10. Qh5+ Kd7
11. O-O-O cxd4 12. Bxd4 e5 13. Bxe5 Qc7 14. Bxh8 Bxe4 15. Nxe4 fxe4 16. Be5 Qxc4+ 17. Bxc4
1-0

[Event "DADIJ"]
[Site "SchemingMind.com"]
[Date "2018.06.01"]
[Round "-"]
[White "kenneth m day"]
[Black "ray winteringham"]
[Result "1-0"]
[WhiteCountry "USA"]
[BlackCountry "ENG"]
[WhiteElo "1726"]
[WhiteRD "61"]
[BlackElo "1570"]
[BlackRD "54"]
[GameID "428881"]

1. e4 c5 2. d4 cxd4 3. c3 dxc3 4. Nxc3 e5 5. Nf3 f6 6. Bc4 Bc5 7. O-O Bb6 8. Qe2 d6 9. Rd1 Bc7 10. Be3 Nc6
11. Rac1 Bb6 12. Bxb6 axb6 13. Nb5 Qe7 14. Rxd6 Bd7 15. Rcd1 Rd8 16. R6d3 Qc5 17. Nc7+ Ke7 18. Bb3 Nd4 19. Nd5+ Ke8 20. Nxd4 exd4
21. Rxd4 Ne7 22. Rc4 Qd6 23. Nc7+
1-0

[Event "DADIJ"]
[Site "SchemingMind.com"]
[Date "2018.06.01"]
[Round "-"]
[White "ray winteringham"]
[Black "kenneth m day"]
[Result "0-1"]
[WhiteCountry "ENG"]
[BlackCountry "USA"]
[WhiteElo "1570"]
[WhiteRD "54"]
[BlackElo "1726"]
[BlackRD "61"]
[GameID "428882"]

1. e4 e5 2. g3 Nf6 3. Bg2 Bc5 4. d3 Nc6 5. Ne2 O-O 6. O-O d6 7. Bd2 Bg4 8. Kh1 Qd7 9. a3 Bh3 10. Bg5 Bxg2+
11. Kxg2 Qe6 12. b4 Bb6 13. f4 Nh5 14. f5 Qd7 15. g4 Nf4+ 16. Bxf4 exf4 17. Nxf4 Ne5 18. h3 f6 19. Nd2 g6 20. Ne6 Rf7
21. Nf3 Nc6 22. Qd2 Nd8 23. Nh4 Nxe6 24. fxe6 Qxe6 25. Rf3 Raf8 26. c4 Qe5 27. a4 Qxa1
0-1

[Event "DADIJ"]
[Site "SchemingMind.com"]
[Date "2018.06.01"]
[Round "-"]
[White "kenneth m day"]
[Black "JAHI"]
[Result "0-1"]
[WhiteCountry "USA"]
[BlackCountry "INT"]
[WhiteElo "1778"]
[WhiteRD "61"]
[BlackElo "2115"]
[BlackRD "73"]
[GameID "428883"]

1. e4 d6 2. d4 d5 3. e5 f6 4. Nf3 fxe5 5. Nxe5 Nf6 6. Be2 e6 7. Nc3 Bd6 8. Bf4 Qe7 9. O-O Nc6 10. Re1 Bxe5
11. dxe5 Nd7 12. Bh5+ g6 13. Bg4 Nb6 14. Qf3 Nc4 15. Rab1 Bd7 16. Nb5 Rc8 17. b3 Nb6 18. c3 a6 19. Nd4 Nxd4 20. cxd4 Qf7
21. Bh6 Qxf3 22. Bxf3 Kf7 23. Rbc1 Rhe8 24. Rc3 Kg8 25. Rec1 c6 26. Be2 Re7 27. Rf3 Rf7 28. Rcc3 Be8 29. Rf6 Rxf6 30. exf6 Kf7
31. Bg7 Nd7 32. Rf3 c5 33. dxc5 Rxc5 34. h4 Rc1+ 35. Bf1 Ne5 36. Re3 Bb5 37. Rxe5 Rxf1+ 38. Kh2 Rxf2 39. a4 Bc6 40. Rg5 d4
41. Rg3 e5 42. Kg1 Rb2 43. Rg5 d3 44. Rxe5 Rxg2+ 45. Kf1 d2
0-1

[Event "DADIJ"]
[Site "SchemingMind.com"]
[Date "2018.06.01"]
[Round "-"]
[White "JAHI"]
[Black "kenneth m day"]
[Result "1/2-1/2"]
[WhiteCountry "INT"]
[BlackCountry "USA"]
[WhiteElo "2115"]
[WhiteRD "73"]
[BlackElo "1778"]
[BlackRD "61"]
[GameID "428884"]

1. g3 Nf6 2. Bg2 d5 3. d3 e5 4. Bg5 Be7 5. Bxf6 Bxf6 6. Nc3 c6 7. Nf3 O-O 8. Qd2 Bg4 9. Rd1 h6 10. e3 Nd7
11. h3 Bf5 12. e4 dxe4 13. Nxe4 Re8 14. Nd6 e4 15. dxe4 Bxe4 16. Nxe8 Qxe8 17. Qe2 Nc5 18. Rd2 Bxb2 19. Kf1 Bc3 20. Qc4 Bxd2
21. Nxd2 Bxg2+ 22. Kxg2 b6 23. Nf3 Rd8 24. Re1 Qd7 25. Ne5 Qd5+ 26. Qxd5 cxd5 27. Nc6 Rd7 28. Re8+ Kh7 29. Re7 Rxe7 30. Nxe7 d4
31. Nc8 d3 32. cxd3 Nxd3= 33. Nxa7 Kg6 34. Kf3 Kf5 35. Ke3=
1/2-1/2

[Event "DADIJ"]
[Site "SchemingMind.com"]
[Date "2018.06.01"]
[Round "-"]
[White "kenneth m day"]
[Black "davidcook"]
[Result "0-1"]
[WhiteCountry "USA"]
[BlackCountry "ENG"]
[WhiteElo "1756"]
[WhiteRD "61"]
[BlackElo "2104"]
[BlackRD "63"]
[GameID "428885"]

1. e4 e5 2. f4 d5 3. exd5 e4 4. d3 Nf6 5. dxe4 Nxe4 6. Nf3 c6 7. Bc4 Bc5 8. Qd3 Qe7 9. Be3 Nd6 10. Nbd2 Qxe3+
11. Qxe3+ Bxe3 12. Bb3 O-O 13. O-O-O Ne4 14. Rhe1 Bxd2+ 15. Nxd2 Nf2 16. dxc6 Nxc6 17. Nf3 Nxd1 18. Rxd1 Bg4 19. Bd5 Rad8 20. h3 Bxf3
21. Bxf3 Rxd1+
0-1

[Event "DADIJ"]
[Site "SchemingMind.com"]
[Date "2018.06.01"]
[Round "-"]
[White "davidcook"]
[Black "kenneth m day"]
[Result "1-0"]
[WhiteCountry "ENG"]
[BlackCountry "USA"]
[WhiteElo "2104"]
[WhiteRD "63"]
[BlackElo "1756"]
[BlackRD "61"]
[GameID "428886"]

1. e4 e5 2. Nf3 Nc6 3. d4 exd4 4. Bc4 Nf6 5. O-O Be7 6. Nxd4 O-O 7. Nc3 d6 8. h3 Ne5 9. Be2 c6 10. f4 Ng6
11. Be3 Bd7 12. Nf3 Re8 13. f5 Ne5 14. Nxe5 dxe5 15. a3 b6 16. Kh1 g6 17. Qe1 Kh8 18. Bc4 Be6 19. fxe6 fxe6 20. Bxe6 Bf8
21. Bf7 Re7 22. Rxf6 Bg7 23. Rf3 Qf8 24. Bxg6 Qd8 25. Qh4 h6 26. Bxh6
1-0

[Event "DADIJ"]
[Site "SchemingMind.com"]
[Date "2018.06.01"]
[Round "-"]
[White "kenneth m day"]
[Black "splinter"]
[Result "0-1"]
[WhiteCountry "USA"]
[BlackCountry "CAN"]
[WhiteElo "1756"]
[WhiteRD "61"]
[BlackElo "1784"]
[BlackRD "81"]
[GameID "428887"]

1. e4 c5 2. d4 cxd4 3. c3 Nf6 4. e5 Nd5 5. Bc4 Nb6 6. Bb3 dxc3 7. Nxc3 e6 8. Nf3 Be7 9. Be3 O-O 10. O-O Nc6
11. Re1 Na5 12. Bc2 Nac4 13. b3 Nxe3 14. Rxe3 d6 15. Qd3 g6 16. Rd1 d5 17. Nd4 Nd7 18. Rde1 a6 19. Nce2 Bg5 20. Rh3 Nxe5
21. Qg3 Nc6 22. Nxc6 bxc6 23. Nd4 Bd7 24. Qd6 Rc8 25. Nf3 Bf6 26. Qf4 Bg7 27. Ng5 h5 28. g4 Bh6 29. gxh5 Qxg5+ 30. Qxg5 Bxg5
31. hxg6 f5 32. Rg3 Bf4 33. Rg2 Kg7 34. h4 Rh8 35. Bd3 a5 36. Bxf5 exf5 37. Re7+ Kg8 38. Rxd7 Rxh4 39. Ra7 Re8 40. Rh2 Rxh2
41. f3 Re1#
0-1

[Event "DADIJ"]
[Site "SchemingMind.com"]
[Date "2018.06.01"]
[Round "-"]
[White "splinter"]
[Black "kenneth m day"]
[Result "1-0"]
[WhiteCountry "CAN"]
[BlackCountry "USA"]
[WhiteElo "1784"]
[WhiteRD "81"]
[BlackElo "1756"]
[BlackRD "61"]
[GameID "428888"]

1. c4 Nf6 2. Nc3 e5 3. g3 Bc5 4. Bg2 Nc6 5. Nf3 O-O 6. O-O Re8 7. d3 d6 8. a3 h6 9. b4 Bb6 10. Na4 a6
11. Nxb6 cxb6 12. b5 Ne7 13. Bb2 Rb8 14. a4 Bg4 15. Nd2 Nf5 16. Ne4 Nxe4 17. dxe4 Ne7 18. h3 Be6 19. Rc1 Rc8 20. f4 exf4
21. gxf4 Bxc4 22. Bxg7 Bxe2 23. Qd4 Bxf1 24. Bxh6 Nf5 25. exf5 f6 26. Rxc8 Qxc8 27. Qxf6 Qd7 28. Bd5+ Kh7 29. Qg6+ Kh8 30. Bg5 Rf8
31. Bf6+ Rxf6 32. Qg8#
1-0

[Event "DADIJ"]
[Site "SchemingMind.com"]
[Date "2018.06.01"]
[Round "-"]
[White "ray winteringham"]
[Black "JAHI"]
[Result "0-1"]
[WhiteCountry "ENG"]
[BlackCountry "INT"]
[WhiteElo "1570"]
[WhiteRD "54"]
[BlackElo "2127"]
[BlackRD "70"]
[GameID "428891"]

1. e4 d6 2. Nf3 d5 3. e5 f6 4. exf6 Nxf6 5. b3 e6 6. Bb2 Bd6 7. c4 Nc6 8. Nc3 d4 9. Ne2 e5 10. d3 e4
11. Nfxd4 Bb4+ 12. Bc3 Bxc3+ 13. Nxc3 Qxd4 14. Nb5 Qb6 15. Qd2 a6 16. Nc3 Bf5 17. Qg5 Qd4 18. Rc1 exd3 19. Kd2 Qxf2+ 20. Kd1 Bg4+
21. Ne2 Bxe2+ 22. Kd2 Ne4#
0-1

[Event "DADIJ"]
[Site "SchemingMind.com"]
[Date "2018.06.01"]
[Round "-"]
[White "JAHI"]
[Black "ray winteringham"]
[Result "1-0"]
[WhiteCountry "INT"]
[BlackCountry "ENG"]
[WhiteElo "2127"]
[WhiteRD "70"]
[BlackElo "1570"]
[BlackRD "54"]
[GameID "428892"]

1. g3 g6 2. Bg2 Bg7 3. d3 Nf6 4. Bg5 c6 5. Bxf6 Bxf6 6. Nc3 Bxc3+ 7. bxc3 d5 8. Nf3 Be6 9. Rb1 b6 10. Qd2 O-O
11. Qh6 f6 12. Nd4 Bf7 13. Bh3 e5 14. Ne6 Bxe6 15. Bxe6+ Kh8 16. c4 Nd7 17. cxd5 cxd5 18. Bxd5 Rc8 19. Bc4 f5 20. h3 Nf6
21. Qe3 Nd5 22. Qxe5+ Nf6 23. Qc3 b5 24. Rxb5 h5 25. e3 Kh7 26. Rb7+ Rc7 27. Rxc7+ Kh6 28. Qe5 Re8 29. Qf4+ g5 30. Qxf5 Qxc7
31. Qxf6+ Kh7 32. Bf7 Re7 33. Qg6+ Kh8 34. Qg8#
1-0

[Event "DADIJ"]
[Site "SchemingMind.com"]
[Date "2018.06.01"]
[Round "-"]
[White "ray winteringham"]
[Black "davidcook"]
[Result "0-1"]
[WhiteCountry "ENG"]
[BlackCountry "ENG"]
[WhiteElo "1570"]
[WhiteRD "54"]
[BlackElo "2057"]
[BlackRD "59"]
[GameID "428893"]

1. e4 e5 2. Nf3 Nc6 3. d3 Nf6 4. g3 d5 5. Nc3 dxe4 6. Nd2 exd3 7. Bxd3 Bh3 8. b3 Bb4 9. Bb2 Qd4 10. Ndb1 Ne4
11. Bxe4 Qxe4+ 12. Qe2 Qxh1+
0-1

[Event "DADIJ"]
[Site "SchemingMind.com"]
[Date "2018.06.01"]
[Round "-"]
[White "davidcook"]
[Black "ray winteringham"]
[Result "1-0"]
[WhiteCountry "ENG"]
[BlackCountry "ENG"]
[WhiteElo "2057"]
[WhiteRD "59"]
[BlackElo "1570"]
[BlackRD "54"]
[GameID "428894"]

1. e4 g6 2. d4 Bg7 3. Nc3 e5 4. dxe5 Bxe5 5. Bc4 Bxc3+ 6. bxc3 Nc6 7. Nf3 Nge7 8. Bh6 d6 9. O-O Be6 10. Bxe6 fxe6
11. Ng5 Qd7 12. Bg7 Rg8 13. Nxh7 O-O-O 14. Nf6
1-0

[Event "DADIJ"]
[Site "SchemingMind.com"]
[Date "2018.06.01"]
[Round "-"]
[White "ray winteringham"]
[Black "splinter"]
[Result "0-1"]
[WhiteCountry "ENG"]
[BlackCountry "CAN"]
[WhiteElo "1570"]
[WhiteRD "54"]
[BlackElo "1738"]
[BlackRD "89"]
[GameID "428895"]

1. e4 c5 2. b4 e6 3. Bb2 d5 4. exd5 Nf6 5. Bb5+ Bd7 6. Bxd7+ Nbxd7 7. dxe6 fxe6 8. bxc5 Bxc5 9. d4 Bb6 10. c3 O-O
11. Nf3 Qc7 12. Nbd2 Qf4 13. Qc2 Rac8 14. O-O Kh8 15. g3 Qg4 16. Qd1 Qh5 17. h4 Qf5 18. Kh2 Ng4+ 19. Kg2 Rf6 20. c4 Rf7
21. c5 Bd8 22. Nc4 Bc7 23. Qd2 Qxf3+ 24. Kh3 Nxf2+ 25. Qxf2 Qxf2 26. Rxf2 Rxf2 27. Re1 b5 28. c6 Nf8 29. Ne5 Rxb2
0-1

[Event "DADIJ"]
[Site "SchemingMind.com"]
[Date "2018.06.01"]
[Round "-"]
[White "splinter"]
[Black "ray winteringham"]
[Result "1-0"]
[WhiteCountry "CAN"]
[BlackCountry "ENG"]
[WhiteElo "1738"]
[WhiteRD "89"]
[BlackElo "1570"]
[BlackRD "54"]
[GameID "428896"]

1. c4 Nf6 2. g3 c6 3. Bg2 e6 4. Nf3 d5 5. O-O Bd7 6. cxd5 cxd5 7. Ne5 Nc6 8. Nxd7 Qxd7 9. b3 Bd6 10. Bb2 Be7
11. d3 a6 12. Nd2 h6 13. e3 e5 14. a3 O-O 15. f4 exf4 16. Rxf4 Bd6 17. Rxf6 gxf6 18. Bxf6 Qf5 19. Qf1 Qxf1+ 20. Nxf1 Be7
21. Bb2 Rad8 22. h4 Bc5 23. d4 Bd6 24. Bxd5 Bxg3 25. Nxg3 Rxd5 26. e4 Rd7 27. d5 Ne7 28. h5 Kh7 29. Rf1 Rg8 30. Rxf7+
1-0

[Event "DADIJ"]
[Site "SchemingMind.com"]
[Date "2018.06.01"]
[Round "-"]
[White "JAHI"]
[Black "davidcook"]
[Result "0-1"]
[WhiteCountry "INT"]
[BlackCountry "ENG"]
[WhiteElo "2127"]
[WhiteRD "70"]
[BlackElo "2057"]
[BlackRD "59"]
[GameID "428899"]

1. g3 d5 2. Bg2 Nf6 3. c3 e5 4. c4 dxc4 5. Qa4+ c6 6. Qxc4 Na6 7. Bxc6+ bxc6 8. Qxc6+ Qd7 9. Qxa8 Nb4 10. Na3 Bc5
11. Qg2 e4 12. f3 O-O 13. Kf1 Re8 14. f4 Bb7 15. Rb1 e3 16. Nf3 Nd3 17. h3 Ne4 18. Nc4 exd2 19. Bxd2 Qe6 20. Be1 Qxc4
21. Rh2 Qc2 22. Ra1 Nef2 23. e3 Rxe3 24. Bxf2 Nxf2 25. Nd4 Bxd4 26. Qxb7 Qe2+ 27. Kg1 Rxg3+ 28. Qg2 Nd1+ 29. Kh1 Qe1+ 30. Qf1 Qxf1#
0-1

[Event "DADIJ"]
[Site "SchemingMind.com"]
[Date "2018.06.01"]
[Round "-"]
[White "davidcook"]
[Black "JAHI"]
[Result "1-0"]
[WhiteCountry "ENG"]
[BlackCountry "INT"]
[WhiteElo "2104"]
[WhiteRD "63"]
[BlackElo "2107"]
[BlackRD "70"]
[GameID "428900"]

1. e4 d6 2. d4 d5 3. exd5 Qxd5 4. Nc3 Qd8 5. Nf3 Nf6 6. Bc4 e6 7. O-O Nc6 8. Qe2 Be7 9. Rd1 Nd5 10. Ne4 Bd7
11. a3 a6 12. Bd3 Nb6 13. c4 Qc8 14. Ng3 h6 15. Bc2 Na5 16. b3 Kf8 17. Bb2 h5 18. d5 h4 19. Nf1 exd5 20. Bxg7+ Kxg7
21. Qxe7 Qd8 22. Qe1 Nxb3 23. Bxb3 dxc4 24. Bxc4 Qf6 25. Bb3 h3 26. Qe5 hxg2 27. Qxf6+ Kxf6 28. Ng3 Be6 29. Bxe6 fxe6 30. Ne4+ Kf5
31. Re1 Rae8 32. Rab1 e5 33. Ng3+ Kf6 34. Rb4 Re7 35. Rg4 Nd7 36. Rg5 Rh6 37. Nf5 Rh3 38. Nxe7 Rxf3 39. Rg3 Rxg3 40. Nd5+ Ke6
41. Nxc7+ Kd6 42. fxg3 Kxc7 43. Kxg2 Kd6 44. h4 Ke6 45. g4 Nc5 46. Rf1 Nd3 47. Kg3 Nf4 48. Rxf4 exf4+ 49. Kxf4 a5 50. g5 a4
51. h5 Kf7 52. Kf5 Kg7 53. h6+ Kf8 54. Kf6 Ke8 55. h7 Kd8 56. h8=Q+ Kc7 57. g6 b6 58. g7 b5 59. g8=Q b4 60. Qe6 bxa3
61. Qg7+ Kb8 62. Qeg8#
1-0

[Event "DADIJ"]
[Site "SchemingMind.com"]
[Date "2018.06.01"]
[Round "-"]
[White "JAHI"]
[Black "splinter"]
[Result "1-0"]
[WhiteCountry "INT"]
[BlackCountry "CAN"]
[WhiteElo "2107"]
[WhiteRD "70"]
[BlackElo "1784"]
[BlackRD "81"]
[GameID "428901"]

1. g3 Nc6 2. Bg2 Nf6 3. Bxc6 dxc6 4. Nf3 Bh3 5. Nc3 Bg2 6. Rg1 Bh3 7. d3 e6 8. Bg5 h6 9. Bxf6 gxf6 10. Qd2 Bb4
11. a3 Bxc3 12. Qxc3 Rg8 13. Qb4 b6 14. Qa4 Qd6 15. Qh4 Bg4 16. Qxf6 Rg6 17. Qh8+ Qf8 18. Qxf8+ Kxf8 19. Ne5 Rg5 20. d4 Bf5
21. c3 c5 22. dxc5 bxc5 23. Nd7+ Ke7 24. Nxc5 Bc2 25. Na6 Rd8 26. Nb4 Ba4 27. b3 Be8 28. Nd3 a5 29. a4 Rgd5 30. g4 f6
31. f3 e5 32. b4 axb4 33. cxb4 Ra8 34. a5 Bb5 35. Nc5 Rd4 36. Rb1 Rad8 37. Kf2 Rd2 38. Rge1 Ra2 39. Ne4 Rd4 40. Nc3
1-0

[Event "DADIJ"]
[Site "SchemingMind.com"]
[Date "2018.06.01"]
[Round "-"]
[White "splinter"]
[Black "JAHI"]
[Result "0-1"]
[WhiteCountry "CAN"]
[BlackCountry "INT"]
[WhiteElo "1784"]
[WhiteRD "81"]
[BlackElo "2107"]
[BlackRD "70"]
[GameID "428902"]

1. c4 d6 2. g3 d5 3. Bg2 dxc4 4. Qa4+ c6 5. Qxc4 Nf6 6. Nf3 Be6 7. Qb4 Qb6 8. Qh4 Nbd7 9. O-O g6 10. b3 Bg7
11. Bb2 h6 12. Qd4 c5 13. Qc3 Rd8 14. d3 Qa6 15. Nbd2 b6 16. Kh1 Nb8 17. Ng1 Qc8 18. f3 h5 19. h4 g5 20. Qc2 gxh4
21. gxh4 Rg8 22. Ne4 Nd5 23. Bxg7 Rxg7 24. Qd2 Nc6 25. Rf2 f6 26. Qh6 Kf7 27. Qd2 Nd4 28. Rc1 Qb8 29. f4 Rg4 30. Nf3 Nxf4
31. e3 Nxf3 32. Bxf3 Rxd3 33. Qe1 Rxh4+ 34. Rh2 Rxh2+ 35. Kxh2 Rxe3 36. Qg3 h4 37. Bh5+ Kf8
0-1

[Event "DADIJ"]
[Site "SchemingMind.com"]
[Date "2018.06.01"]
[Round "-"]
[White "davidcook"]
[Black "splinter"]
[Result "1-0"]
[WhiteCountry "ENG"]
[BlackCountry "CAN"]
[WhiteElo "2057"]
[WhiteRD "59"]
[BlackElo "1738"]
[BlackRD "89"]
[GameID "428905"]

1. e4 c5 2. Nf3 Nc6 3. d4 cxd4 4. Nxd4 Nf6 5. Nc3 Qa5 6. Nb3 Qe5 7. f4 Qe6 8. e5 d6 9. Nb5 Kd8 10. N5d4 Nxd4
11. Nxd4 Qd5 12. exf6 gxf6 13. Be3 Bh6 14. Qd2 Bg4 15. h3 Bd7 16. c4 Qh5 17. g4 Qg6 18. Bd3 Qg8 19. c5 Qe8 20. Qa5+ Kc8
21. cxd6 exd6 22. Rc1+ Bc6 23. Bf5+ Kb8 24. Nxc6+ bxc6 25. Rc3 c5 26. Rb3+ Qb5 27. Rxb5#
1-0

[Event "DADIJ"]
[Site "SchemingMind.com"]
[Date "2018.06.01"]
[Round "-"]
[White "splinter"]
[Black "davidcook"]
[Result "0-1"]
[WhiteCountry "CAN"]
[BlackCountry "ENG"]
[WhiteElo "1738"]
[WhiteRD "89"]
[BlackElo "2057"]
[BlackRD "59"]
[GameID "428906"]

1. c4 e5 2. g3 f5 3. Bg2 Nf6 4. Nc3 d6 5. e3 Be7 6. Nge2 O-O 7. O-O c6 8. d4 Na6 9. b3 e4 10. Bb2 d5
11. a3 Nc7 12. cxd5 Ncxd5 13. Nf4 Nxf4 14. exf4 Be6 15. Re1 Qb6 16. b4 a5 17. Rb1 axb4 18. axb4 Bxb4 19. Na4 Rxa4 20. Qxa4 Bxe1
0-1